Statistics for F1 Drivers from Scandinavia.

Click here to take the quiz!

General Stats

  • This quiz has been taken 51 times
  • The average score is 9 of 22

Answer Stats

HintAnswer% Correct
FinlandRaikkonen
93%
FinlandHakkinen
89%
DenmarkMagnussen
87%
DenmarkMagnussen
87%
FinlandBottas
83%
FinlandRosberg
80%
FinlandKovalainen
70%
SwedenPeterson
54%
FinlandLehto
43%
SwedenJohansson
39%
SwedenEriccson
33%
SwedenNilsson
33%
SwedenBonnier
28%
FinlandSato
24%
FinlandKinnunen
15%
FinlandKozarowitzky
15%
DenmarkKiesa
11%
SwedenWisell
9%
DenmarkBelso
7%
SwedenBorgudd
7%
SwedenLundgren
2%
DenmarkNellemann
2%

Score Distribution

Percentile by Number Answered

Percent of People with Each Score

Your Score History

You have not taken this quiz